| 000 | 00594pam a2200217 i 4500 | ||
|---|---|---|---|
| 001 | 3698028 | ||
| 005 | 20180227042055.0 | ||
| 008 | 790125s1979 paua b 001 0 eng | ||
| 010 | _a 79000850 | ||
| 020 | _a0812106504 | ||
| 040 |
_aDLC _cDLC _dDLC |
||
| 041 | _aeng | ||
| 080 | _a612.640191 SLA | ||
| 082 | 0 | 0 | _a612.640191 SLA |
| 100 | 1 | _a11 | |
| 101 | _aBIO | ||
| 245 | 1 | 0 |
_aDevelopmental craniofacial biology / _cHarold C. Slavkin ; ill. by Maureen DuBois. |
| 504 | _aIncludes bibliographies and index. | ||
| 906 |
_a7 _bcbc _corignew _d1 _eocip _f19 _gy-gencatlg |
||
| 942 |
_2ddc _cBK |
||
| 999 |
_c43561 _d43561 |
||